|
|
|
|
| LEADER |
01968nam a22003974a 4500 |
| 001 |
EBC310646 |
| 003 |
MiAaPQ |
| 005 |
20200520144314.0 |
| 006 |
m o d | |
| 007 |
cr cn||||||||| |
| 008 |
030311s2003 mnu sb s001 0 eng |
| 010 |
|
|
|z 2003005844
|
| 020 |
|
|
|z 0816637547 (HC : alk. paper)
|
| 020 |
|
|
|z 0816637555 (PB : alk. paper)
|
| 035 |
|
|
|a (MiAaPQ)EBC310646
|
| 035 |
|
|
|a (Au-PeEL)EBL310646
|
| 035 |
|
|
|a (CaPaEBR)ebr10151189
|
| 035 |
|
|
|a (CaONFJC)MIL522715
|
| 035 |
|
|
|a (OCoLC)228143270
|
| 040 |
|
|
|a MiAaPQ
|c MiAaPQ
|d MiAaPQ
|
| 050 |
|
4 |
|a HB501
|b .P6359 2003
|
| 082 |
0 |
4 |
|a 330.12/2
|2 21
|
| 245 |
0 |
4 |
|a The politics of selfhood
|h [electronic resource] :
|b bodies and identities in global capitalism /
|c Richard Harvey Brown, editor.
|
| 260 |
|
|
|a Minneapolis :
|b University of Minnesota Press,
|c c2003.
|
| 300 |
|
|
|a xxi, 246 p.
|
| 490 |
1 |
|
|a Public worlds ;
|v v. 13
|
| 504 |
|
|
|a Includes bibliographical references and index.
|
| 505 |
0 |
|
|a The illness of global capitalism / Margaret J. Tally -- The problematics of democratic action within disciplinary liberalism / Philip W. Jenks -- Genocide or assimilation / Antonella Fabri -- The ludic body / Lauren Langman -- From body politics to body shops / Timothy W. Luke -- Reinventing the liberal self / Eva Illouz -- Reflections in an unblinking eye / Timothy McGettigan -- From subject to citizen to consumer / Lauren Langman -- Narration and postmodern mediations of Western selfhood / Richard Harvey Brown.
|
| 533 |
|
|
|a Electronic reproduction. Ann Arbor, MI : ProQuest, 2015. Available via World Wide Web. Access may be limited to ProQuest affiliated libraries.
|
| 650 |
|
0 |
|a Capitalism
|x Social aspects.
|
| 650 |
|
0 |
|a Feminist theory.
|
| 655 |
|
4 |
|a Electronic books.
|
| 700 |
1 |
|
|a Brown, Richard Harvey.
|
| 710 |
2 |
|
|a ProQuest (Firm)
|
| 830 |
|
0 |
|a Public worlds ;
|v v. 13.
|
| 856 |
4 |
0 |
|u https://ebookcentral.proquest.com/lib/matrademy/detail.action?docID=310646
|z Click to View
|